00462nam a2200133Ia 4500008004100000082001600041100003000057245012400087260003900211300001500250520001100265650002800276700002400304230907s9999||||xx |||||||||||||| ||und|| a621.31bABD aAbdul Basit (00000277622) 0aIs Renewable Energy A Complete Solution To The Environmental Problem? A Comprehensive Analysis Of Pakistan Case Study / aUSPCAS-E, NUST,bIslamabad :c2022 axii, 44 p. aTH-437 aMS-EEP Thesis MS Thesis aDr. Muhammad Hassan